Statistiques concernant Dernière répliques dans Harry Potter

Cliquez ici pour prendre le quiz!

Statistiques générales

  • Ce quiz a été pris 102 fois
  • Le résultat moyen est 7 sur 10

Statistiques - réponses

RépliquePersonnage% Correct
« Avada Kedavra ! »Voldemort
97%
« Lily ! Prend Harry et Pars ! C’est lui ! Je vais le retenir ! »James Potter
89%
« Severus, s’il vous plait »Albus Dumbledore
84%
« Regardez…moi »Severus Rogue
70%
« Harry…Potter »Dobby
67%
« Avez-vous vu Remus ? »Nymphadora Tonks
61%
« Tu racontes une blague, Perce. Je ne t’avais pas entendu en faire une depuis… »Fred Weasley
58%
« Pas Harry ! Ayez pitié ! »Lily Evans
56%
« Allez ! Tu peux faire mieux que ça ! »Sirius Black
51%
« Maître, je ne peux pas le tenir ! Mes mains ! Mes mains ! »Quirinus Quirrell
42%

Distribution des résultats

Percentile par nombre de réponses

% des personnes avec chaque résultat

Votre développement - résultats

Vous n’avez pas pris ce quiz